02370cam a22002774a 450000100060000000300080000600500170001400800410003102000290007202000290010103500400013004000560017004100080022608200260023410000250026024501330028526000360041830000260045450400200048052014060050065000220190665000240192870000230195270000330197585600840200813463BD-RjUL20211208235446.0140201s2011 nju 001 0 eng d a9780470888018 (hardback) a9781118007877 (hardback) a(OCoLC)ocn662400216a(BD-RjUL)13514 aDLCcDLCdYDXdBTCTAdYDXCPdBWXdCDXdBD-RjULbeng aeng00a658.872222bCEB 20111 aCesari, Rick,d1956-10aBuy now :bcreative marketing that gets customers to respond to you and your product /cRick Cesari, Ron Lynch ; with Tom Kelly. aHoboken, N.J. :bWiley,cc2011. axiv, 224 p. ;c24 cm. aIncludes index. a"Learn the secrets of direct response marketing with the man who created the George Foreman Grill campaign In today's highly competitive, global marketplace, businesses have to do more than just advertise their products. By taking advantage of the accountable advertising model that direct response has to offer, you can improve your bottom line, build brands, and develop lasting relationships with legions of satisfied customers. In Buy Now!, Rick Cesari reveals twenty-five years' worth of insights and methods, enabling you to make the most of direct response marketing in your business toolkit. Whether you're a business owner, executive, inventor, or marketer, Buy Now! gives you the secrets behind the successful campaigns that catapulted products into millions of homes. Find out how to use direct response to create a "self-funding "marketing campaign Learn the techniques to building offers that will get people to respond to your products Use "high touch" direct response marketing to build brand equity and drive sales at retail Find out why large companies like Johnson & Johnson and Valvoline are using these concepts for their consumer brands Cesari has put more companies on the Inc. 500 list of fastest growing companies than anyone else Buy Now! to launch your products and campaigns to new heights-and connect with customers as never before-with Cesari's market-leading insights."-- 0aDirect marketing. 0aCustomer relations.1 aLynch, Ron,d1966-1 aKelly, Tom,d1950 October 8-423Cover imageuhttp://catalogimages.wiley.com/images/db/jimages/9780470888018.jpg